Every Artist To Feature On A JID Album - Statistics

General Stats
  • This quiz has been taken 12 times
  • The average score is 21 of 33
Answer Stats
Album Track artist % Correct
The Forever Story Surround Sound 21 Savage
100%
DiCaprio 2 Off Deez J. Cole
100%
The Never Story D/vision EARTHGANG
91%
The Forever Story Dance Now Kenny Mason
91%
God Does Like Ugly Community Malice
91%
God Does Like Ugly Community Pusha T
91%
God Does Like Ugly VCRs Vince Staples
91%
God Does Like Ugly YouUgly Westside Gunn
91%
The Never Story 8701 6LACK
82%
God Does Like Ugly On McAfee Baby Kia
82%
The Forever Story Surround Sound Baby Tate
82%
God Does Like Ugly Community Clipse
82%
God Does Like Ugly What We On Don Toliver
82%
God Does Like Ugly Animals (Pt. 1) Eminem
82%
The Forever Story Bruddanem Lil Durk
82%
The Forever Story Just In Time Lil Wayne
73%
The Never Story All Bad Mereba
73%
God Does Like Ugly Wholeheartedly Ty Dolla $ign
73%
The Forever Story Stars Yasiin Bey
73%
DiCaprio 2 Westbrook A$AP Ferg
55%
God Does Like Ugly Sk8 Ciara
55%
God Does Like Ugly K-Word Pastor Troy
55%
The Forever Story Can't Make U Change Ari Lennox
45%
God Does Like Ugly Knew Better Lil Yachty
45%
God Does Like Ugly Sun Anycia
36%
DiCaprio 2 Skrawberries BJ The Chicago Kid
36%
DiCaprio 2 Tiiied Ella Mai
36%
God Does Like Ugly No Boo Jessie Reyez
36%
The Forever Story Better Days Johnta Austin
36%
DiCaprio 2 Hot Box Method Man
36%
The Forever Story Lauder Too Eryn Allen Kane
27%
DiCaprio 2 Hot Box Joey Bada$$
27%
The Forever Story Lauder Too Raven Lenae
0%
No matching quizzes found
Score Distribution
Percent of People with Each Score
Percentile by Number Answered
Your Score History
You have not taken this quiz